[Event "51smm A Ehrenburg-Groeden"]
[Site "?"]
[Date "2019.11.30"]
[Round "3.2"]
[White "Jedinger, Andreas"]
[Black "Demetz, Rainer"]
[Result "0-1"]
[WhiteElo "2099"]
[BlackElo "2170"]
[PlyCount "132"]
[EventDate "2019.11.30"]

1. e4 e5 2. Nf3 d6 3. d4 Nf6 4. Nc3 Nbd7 5. g3 g6 6. Bg2 Bg7 7. O-O O-O 8. Re1
c6 9. a4 b6 10. dxe5 dxe5 11. Qd6 Bb7 12. Rd1 Re8 13. Be3 Bf8 14. Qd3 Qc7 15.
h3 Nc5 16. Qc4 Ba6 17. Qa2 Ncxe4 18. Nxe4 Nxe4 19. Nh2 Nf6 20. a5 b5 21. Qb3
Rab8 22. Bg5 Bg7 23. Qe3 c5 24. Bxf6 Bxf6 25. Rd5 c4 26. Rad1 Bc8 27. Ng4 Bg7
28. Rd6 Bf5 29. Qd2 b4 30. Bd5 c3 31. bxc3 bxc3 32. Qe2 Red8 33. Rxd8+ Rxd8 34.
Ne3 Bc8 35. Qf3 Rd7 36. Rb1 Qxa5 37. Rb8 Qc7 38. Ra8 Rd8 39. Kh2 Rf8 40. Qe4
Bd7 41. Bb3 Qc5 42. Rxf8+ Bxf8 43. Qf3 Be6 44. Bxe6 fxe6 45. Qf6 Qe7 46. Qxe5
Bg7 47. Qb8+ Qf8 48. Qxa7 Qxf2+ 49. Kh1 Qf3+ 50. Ng2 Qd1+ 51. Kh2 Qxc2 52. Qe3
h6 53. h4 Qf5 54. Ne1 Kh7 55. Qe2 h5 56. Nc2 e5 57. Kg2 Bh6 58. Ne1 e4 59. Qc4
Bd2 60. Nc2 Qf3+ 61. Kh2 Bh6 62. Nd4 Qf2+ 63. Kh1 Be3 64. Ne2 Qf1+ 65. Kh2 Kh6
66. g4 Bf4+ 0-1

[Event "51smm A Ehrenburg-Groeden"]
[Site "?"]
[Date "2019.11.30"]
[Round "3.3"]
[White "Bernardi, Ruben"]
[Black "Kranebitter, Gerhard"]
[Result "1-0"]
[WhiteElo "2101"]
[BlackElo "2058"]
[PlyCount "93"]
[EventDate "2019.11.30"]

1. e4 d5 2. exd5 Qxd5 3. Nc3 Qa5 4. d4 c6 5. Bc4 Bf5 6. Bd2 e6 7. Qe2 Bb4 8.
Nf3 Nf6 9. O-O Nbd7 10. a3 Bxc3 11. Bxc3 Qc7 12. Ne5 Nxe5 13. dxe5 Nd5 14. Bb4
c5 15. Bxd5 O-O 16. Bxb7 Rab8 17. Bc3 Qxb7 18. Rad1 Be4 19. f3 Bd5 20. Qf2 Qb5
21. Rfe1 a5 22. Qh4 Rb7 23. f4 Qc4 24. Qg3 a4 25. Re3 Kh8 26. Rf1 f6 27. exf6
gxf6 28. Qh4 Rbf7 29. b3 axb3 30. cxb3 Qa6 31. Rg3 Be4 32. Re1 Bf5 33. a4 Qa7
34. Rge3 c4 35. bxc4 Qxa4 36. h3 Qxc4 37. Qh6 Bg6 38. Rg3 Rg8 39. h4 Qc5+ 40.
Kh2 Qf5 41. Qg5 h6 42. Qxh6+ Rh7 43. Qg5 Qxg5 44. fxg5 Rxh4+ 45. Kg1 Bf5 46.
Bxf6+ Kh7 47. g6+ 1-0

[Event "51smm A Ehrenburg-Groeden"]
[Site "?"]
[Date "2019.11.30"]
[Round "3.4"]
[White "Babinetz, Rainer"]
[Black "Moroder, Thomas"]
[Result "0-1"]
[WhiteElo "1940"]
[BlackElo "1984"]
[PlyCount "98"]
[EventDate "2019.11.30"]

1. e4 c5 2. d4 cxd4 3. c3 d3 4. Bxd3 Nc6 5. Nf3 d6 6. Nbd2 Nf6 7. O-O g6 8. b3
Bg7 9. Bb2 O-O 10. Qc2 Bg4 11. h3 Bd7 12. Rac1 Nh5 13. Qd1 Nf4 14. Bb1 b5 15.
Re1 Rc8 16. Nf1 Qb6 17. Ne3 Rfd8 18. Nd5 Nxd5 19. exd5 Ne5 20. Nxe5 Bxe5 21.
Qd2 Re8 22. Bd3 Qa5 23. Ba1 Rc7 24. Re2 Rec8 25. c4 Qxd2 26. Rxd2 Bf4 27. Rcd1
Bxd2 28. Rxd2 Bf5 29. Bf1 bxc4 30. Bxc4 e6 31. Kh2 exd5 32. Bxd5 Rc2 33. Rd4
Rxa2 34. Rd1 Be6 35. Bf6 Bxd5 36. Rxd5 Ra6 37. Be7 f5 38. Rxd6 Rxd6 39. Bxd6
Kf7 40. Be5 Ke6 41. f4 a6 42. Kg3 Rc5 43. b4 Rc4 44. Kh4 h6 45. Bg7 Rxf4+ 46.
Kg3 Rxb4 47. Bxh6 a5 48. Bd2 Rb3+ 49. Kf4 a4 0-1

[Event "51smm A Ehrenburg-Groeden"]
[Site "?"]
[Date "2019.11.30"]
[Round "3.5"]
[White "Grossi, Christian"]
[Black "Gruber, Alexander"]
[Result "1/2-1/2"]
[WhiteElo "1858"]
[BlackElo "1828"]
[PlyCount "94"]
[EventDate "2019.11.30"]

1. d4 c6 2. c4 d5 3. Nc3 Nf6 4. Nf3 Nbd7 5. cxd5 cxd5 6. Bf4 Qa5 7. e3 Ne4 8.
Qb3 e6 9. Bd3 Nxc3 10. bxc3 Be7 11. O-O O-O 12. Rfc1 Nf6 13. a4 Qd8 14. Ne5 Nh5
15. Bg3 Nxg3 16. hxg3 Bd6 17. Nf3 Rb8 18. Qc2 g6 19. Qd2 Qe7 20. e4 Bd7 21. e5
Bc7 22. Nh2 f5 23. exf6 Qxf6 24. Ng4 Qg7 25. Re1 Rbe8 26. Bb5 Bc6 27. Bxc6 bxc6
28. Ne5 Bxe5 29. Rxe5 Rf5 30. Rae1 Rxe5 31. Rxe5 Qd7 32. Qe2 Kf7 33. Qf3+ Kg7
34. Qe3 c5 35. dxc5 Qxa4 36. f4 Kf7 37. c6 Qxc6 38. Qxa7+ Re7 39. Qd4 Rc7 40.
Re3 Qc5 41. Qe5 Qb6 42. Kf2 h5 43. Qh8 Qb2+ 44. Kf3 Qb7 45. Qh7+ Kf6 46. Qh8+
Kf7 47. Kf2 Qb2+ 1/2-1/2

[Event "51smm A Ehrenburg-Groeden"]
[Site "?"]
[Date "2019.11.30"]
[Round "3.6"]
[White "Mairhofer, Lino"]
[Black "Casadio, Niccolo"]
[Result "1-0"]
[WhiteElo "1723"]
[BlackElo "1879"]
[PlyCount "51"]
[EventDate "2019.11.30"]

1. e4 e6 2. c4 d5 3. exd5 exd5 4. d4 Nf6 5. Nf3 Bb4+ 6. Nc3 h6 7. Be2 O-O 8.
O-O dxc4 9. Bxc4 Bg4 10. a3 Ba5 11. Qd3 Bxf3 12. Qxf3 Nc6 13. Be3 Nxd4 14. Qxb7
Nf5 15. Bc5 Nd6 16. Bxd6 Qxd6 17. Qf3 Bxc3 18. Qxc3 Rad8 19. Qf3 Qd4 20. b3 Qc5
21. a4 Nd7 22. Qc3 Qg5 23. Rad1 Ne5 24. f4 Qg4 25. Rxd8 Rxd8 26. fxe5 1-0

[Event "51smm A Richter/Lask-Kaltern/Tramin"]
[Site "?"]
[Date "2019.11.30"]
[Round "3.1"]
[White "Paltrinieri, Nicholas"]
[Black "De Eccher, Stefano"]
[Result "0-1"]
[WhiteElo "2263"]
[BlackElo "2178"]
[PlyCount "166"]
[EventDate "2019.11.30"]

1. e4 e5 2. Nf3 Nc6 3. d4 exd4 4. Nxd4 Bb4+ 5. c3 Bc5 6. Be3 Bb6 7. Nf5 Bxe3 8.
Nxe3 d6 9. c4 Nge7 10. Nc3 O-O 11. Be2 f5 12. O-O f4 13. Ned5 Ne5 14. f3 c6 15.
Nxe7+ Qxe7 16. Qd4 Rf6 17. Rad1 Rh6 18. Rf2 Bd7 19. h3 Qg5 20. Kf1 Rg6 21. Ke1
Qh4 22. Kf1 b6 23. b4 Rf8 24. c5 Qg5 25. cxd6 Bxh3 26. Bc4+ Nxc4 27. Qxc4+ Be6
28. Qd4 Rh6 29. e5 Rh1+ 30. Ke2 Rh5 31. Kf1 Qxe5 32. Re2 Qxd4 33. Rxd4 Rh6 34.
Re5 Rd8 35. a4 Bf7 36. d7 Re6 37. Ree4 Rxe4 38. Nxe4 Be6 39. Rd6 Bxd7 40. Ng5
Kf8 41. Nxh7+ Ke7 42. Rg6 Kf7 43. Rd6 c5 44. bxc5 bxc5 45. Ng5+ Ke7 46. Ra6 Bf5
47. Rxa7+ Kf6 48. Nh3 Bxh3 49. gxh3 Rh8 50. Kg2 Rc8 51. Ra6+ Ke5 52. Ra5 Kd4
53. Ra7 c4 54. Rd7+ Kc5 55. Kf2 c3 56. Ke2 Kb4 57. Kd1 Kxa4 58. Kc2 Kb4 59.
Rb7+ Kc4 60. Re7 g5 61. Rg7 Rh8 62. Rc7+ Kd4 63. Rxc3 Rxh3 64. Rd3+ Ke5 65. Kd2
Rh2+ 66. Ke1 g4 67. fxg4 Ke4 68. Rd8 Kf3 69. g5 Rh1+ 70. Kd2 Rh5 71. g6 Rg5 72.
Rg8 Kg2 73. g7 f3 74. Ke3 Rg6 75. Ra8 Rxg7 76. Rf8 Re7+ 77. Kd2 Kf2 78. Rd8 Kg2
79. Rg8+ Kf1 80. Rf8 Kf2 81. Rd8 Rg7 82. Rd6 Kg2 83. Ke3 f2 0-1

[Event "51smm A Richter/Lask-Kaltern/Tramin"]
[Site "?"]
[Date "2019.11.30"]
[Round "3.2"]
[White "Franchini, Gabriele"]
[Black "Bertagnolli, Alexander"]
[Result "1/2-1/2"]
[WhiteElo "2230"]
[BlackElo "2346"]
[PlyCount "126"]
[EventDate "2019.11.30"]

1. e4 c5 2. Nf3 e6 3. d4 cxd4 4. Nxd4 Qb6 5. Nc3 Bc5 6. Na4 Qa5+ 7. c3 Bxd4 8.
Qxd4 Nf6 9. Nc5 Nc6 10. Qd6 b6 11. Nb3 Qe5 12. Qxe5 Nxe5 13. f4 Nc6 14. e5 Nd5
15. a3 f6 16. c4 Nc7 17. exf6 gxf6 18. Bd2 Ke7 19. Be2 Ba6 20. Rc1 Rac8 21. Bf3
Rhd8 22. Kf2 d5 23. cxd5 Nxd5 24. Rhe1 Bb5 25. Bg4 Nc7 26. Bc3 Rd6 27. Rcd1
Rxd1 28. Bxd1 Rd8 29. Bg4 Bc4 30. Nd2 Bd5 31. Be2 b5 32. Nf3 Bxf3 33. Bxf3 Nd5
34. Bxd5 Rxd5 35. Ke2 Nd4+ 36. Bxd4 Rxd4 37. g3 b4 38. Ke3 e5 39. fxe5 fxe5 40.
Rc1 bxa3 41. bxa3 Kd6 42. Rc3 Ra4 43. Rb3 h5 44. Rd3+ Ke6 45. Rc3 Kf5 46. Kf3
a6 47. Rb3 Rc4 48. h3 e4+ 49. Ke3 Ke5 50. Kd2 Rd4+ 51. Ke2 Rd5 52. Rb6 Ra5 53.
Rb3 h4 54. gxh4 Kf4 55. Rb8 Rxa3 56. Rf8+ Ke5 57. h5 Rxh3 58. Ra8 Rh2+ 59. Ke3
Rh3+ 60. Ke2 Rxh5 61. Rxa6 Rh2+ 62. Ke3 Rh3+ 63. Ke2 Rh2+ 1/2-1/2

[Event "51smm A Richter/Lask-Kaltern/Tramin"]
[Site "?"]
[Date "2019.11.30"]
[Round "3.3"]
[White "Zucchelli, Massimo"]
[Black "Moncher, Stefano"]
[Result "1/2-1/2"]
[WhiteElo "2150"]
[BlackElo "2181"]
[PlyCount "28"]
[EventDate "2019.11.30"]

1. d4 Nf6 2. c4 g6 3. Nc3 Bg7 4. e4 d6 5. Be2 O-O 6. Bg5 c5 7. d5 h6 8. Be3 e6
9. f3 exd5 10. cxd5 Na6 11. g4 Nc7 12. h4 b5 13. Qd2 b4 14. Nd1 h5 1/2-1/2

[Event "51smm A Richter/Lask-Kaltern/Tramin"]
[Site "?"]
[Date "2019.11.30"]
[Round "3.4"]
[White "Voltolini, Giuseppe"]
[Black "Comai, Samuele"]
[Result "1-0"]
[WhiteElo "2123"]
[BlackElo "1897"]
[PlyCount "123"]
[EventDate "2019.11.30"]

1. d4 Nf6 2. c4 e6 3. g3 d5 4. Nf3 c6 5. Bg2 Nbd7 6. O-O Bd6 7. Nfd2 b6 8. Nc3
Bb7 9. e4 dxe4 10. Ndxe4 Be7 11. Bf4 Nxe4 12. Nxe4 Nf6 13. Qa4 O-O 14. Rfd1
Nxe4 15. Bxe4 Bd6 16. Be3 Qc8 17. c5 Be7 18. cxb6 axb6 19. Qb3 Qd8 20. Rac1 Rc8
21. Rc3 b5 22. Qc2 f5 23. Bxc6 Rxc6 24. Rxc6 Qd5 25. Rc1 Ra8 26. a3 Kf7 27. Kf1
Bxc6 28. Qxc6 Qxc6 29. Rxc6 b4 30. axb4 Ra1+ 31. Ke2 Rb1 32. Rc2 Bxb4 33. Kd3
h5 34. h4 Bd6 35. Rc6 Ke7 36. Rb6 Kd7 37. Rb7+ Kc6 38. Rxg7 Rxb2 39. Rh7 Rb3+
40. Ke2 Kd5 41. Rxh5 Ke4 42. f3+ Kd5 43. g4 Rb2+ 44. Kf1 Kc4 45. gxf5 Kd3 46.
Bf2 Rb5 47. Rh6 Rxf5 48. Rxe6 Bf8 49. Kg2 Bb4 50. Kg3 Bd2 51. Re4 Rf7 52. d5
Rg7+ 53. Rg4 Rd7 54. Rd4+ Ke2 55. d6 Rg7+ 56. Rg4 Rd7 57. Rg6 Bb4 58. Re6+ Kf1
59. f4 Rg7+ 60. Kf3 Rg2 61. Re2 Rg6 62. Rb2 1-0

[Event "51smm A Richter/Lask-Kaltern/Tramin"]
[Site "?"]
[Date "2019.11.30"]
[Round "3.5"]
[White "Dallaglio, Giovanni"]
[Black "Bevilacqua, Maurizio"]
[Result "0-1"]
[WhiteElo "1917"]
[BlackElo "2048"]
[PlyCount "126"]
[EventDate "2019.11.30"]

1. d4 Nf6 2. Nf3 c5 3. d5 g6 4. Nc3 Bg7 5. e4 d6 6. Be2 O-O 7. O-O Na6 8. h3
Nc7 9. a4 b6 10. Bf4 Bb7 11. Qd2 Re8 12. Rfe1 a6 13. Rad1 b5 14. axb5 axb5 15.
Bxb5 Nxb5 16. Nxb5 Ra4 17. Nc3 Rb4 18. b3 Qa8 19. Ra1 Qc8 20. Ra4 Rxa4 21. Nxa4
Nh5 22. Bh2 h6 23. Nb6 Qd8 24. Nc4 Nf6 25. g4 Kh7 26. g5 Nh5 27. gxh6 Bxh6 28.
Ng5+ Kg7 29. e5 Bxg5 30. Qxg5 dxe5 31. Ne3 Qd7 32. Qxe5+ Nf6 33. c4 Qxh3 34.
Nf1 Qxb3 35. Qc7 Ba8 36. Rxe7 Rxe7 37. Qxe7 Qxc4 38. Be5 Qg4+ 39. Ng3 Qg5 40.
Qd6 c4 41. Bxf6+ Qxf6 42. Qc5 Qe5 43. Qxc4 Bxd5 44. Qd3 f5 45. Ne2 Qa1+ 46. Kh2
Qh1+ 47. Kg3 Qg2+ 48. Kf4 Qxf2+ 49. Ke5 Bf7 50. Kd6 Qb6+ 51. Ke5 Qf6+ 52. Kf4
g5+ 53. Kg3 Qe5+ 54. Kf2 f4 55. Nc3 Kf6 56. Qa6+ Be6 57. Qc6 Kg6 58. Qf3 Qd4+
59. Kg2 Qd2+ 60. Kg1 Qe1+ 61. Kg2 g4 62. Qd3+ Kh6 63. Ne2 f3+ 0-1

[Event "51smm A Richter/Lask-Kaltern/Tramin"]
[Site "?"]
[Date "2019.11.30"]
[Round "3.6"]
[White "Billio, Atto"]
[Black "Bertagnolli, Gerhard"]
[Result "1-0"]
[WhiteElo "2033"]
[BlackElo "1872"]
[PlyCount "63"]
[EventDate "2019.11.30"]

1. c4 Nf6 2. g3 g6 3. b3 Bg7 4. Bb2 O-O 5. Bg2 c6 6. Nf3 d5 7. O-O Bf5 8. d3
Re8 9. Nbd2 Nbd7 10. Qc2 e5 11. e4 Bg4 12. exd5 cxd5 13. h3 Bxf3 14. Bxf3 Rc8
15. Rfe1 b5 16. Rac1 e4 17. dxe4 dxc4 18. bxc4 Ne5 19. Be2 bxc4 20. Nxc4 Rxc4
21. Bxc4 Nf3+ 22. Kg2 Nxe1+ 23. Rxe1 Qa5 24. Re2 h5 25. e5 Nd5 26. e6 Bxb2 27.
exf7+ Kxf7 28. Rxe8 Kxe8 29. Qxb2 Ne7 30. Be6 Nd5 31. Qe5 Ne3+ 32. Qxe3 1-0

[Event "51smm B Bruneck-Klausen2"]
[Site "?"]
[Date "2019.11.30"]
[Round "3.1"]
[White "Sigmund, Ingenuin"]
[Black "Moling, Patrick"]
[Result "0-1"]
[WhiteElo "1701"]
[BlackElo "2055"]
[PlyCount "92"]
[EventDate "2019.11.30"]

1. Nf3 Nf6 2. d4 c5 3. d5 d6 4. c4 g6 5. Nc3 Bg7 6. e4 O-O 7. Bd3 Na6 8. O-O
Nc7 9. h3 a6 10. Be3 b5 11. Qd2 Rb8 12. b3 Re8 13. Rac1 bxc4 14. bxc4 e6 15.
Rb1 Rxb1 16. Rxb1 exd5 17. exd5 Qe7 18. Bg5 Qf8 19. Rb6 Na8 20. Rb8 Nc7 21. Rb6
Na8 22. Rb8 Nc7 23. Bc2 Nd7 24. Rb1 h6 25. Bf4 f5 26. h4 Ne5 27. Bxe5 Bxe5 28.
g3 Bg7 29. Ne2 Qf6 30. Ba4 Rd8 31. Rb8 Bf8 32. Kg2 Ne8 33. Nf4 Ng7 34. Qa5 g5
35. Ng6 f4 36. hxg5 hxg5 37. Qc7 Bh3+ 38. Kxh3 Rxb8 39. Qxb8 Qxg6 40. Kg2 g4
41. Nh4 Qe4+ 42. Kh2 Qe2 43. gxf4 g3+ 44. Kxg3 Nh5+ 45. Kh2 Qxf2+ 46. Ng2 Nxf4
0-1

[Event "51smm B Bruneck-Klausen2"]
[Site "?"]
[Date "2019.11.30"]
[Round "3.2"]
[White "Peintner, Andreas"]
[Black "Rabanser, Harald"]
[Result "1-0"]
[WhiteElo "1926"]
[BlackElo "1552"]
[PlyCount "68"]
[EventDate "2019.11.30"]

1. d4 d5 2. c4 dxc4 3. Nf3 e6 4. e3 Nf6 5. Bxc4 c5 6. O-O cxd4 7. exd4 Be7 8.
Nc3 O-O 9. Qe2 Nbd7 10. Rd1 Nb6 11. Bb3 Bd7 12. Ne5 Rc8 13. Bg5 Nfd5 14. Nxd5
Bxg5 15. Nxb6 axb6 16. d5 Qe7 17. Nxd7 Qxd7 18. dxe6 Qc7 19. exf7+ Kh8 20. g3
Rxf7 21. Bxf7 Qxf7 22. Rd4 Bf6 23. Re4 h6 24. Re1 Kh7 25. Re6 Qg6 26. Qe4 Qxe4
27. R1xe4 Bxb2 28. Rxb6 Bf6 29. Rxb7 Rc1+ 30. Kg2 Rc2 31. a4 Rd2 32. h4 Kg6 33.
Kf3 Bd4 34. Re2 Rd1 1-0

[Event "51smm B Bruneck-Klausen2"]
[Site "?"]
[Date "2019.11.30"]
[Round "3.3"]
[White "Steger, Andreas"]
[Black "Balzarini, Franco"]
[Result "0-1"]
[WhiteElo "1531"]
[BlackElo "1832"]
[PlyCount "84"]
[EventDate "2019.11.30"]

1. Nf3 d5 2. d4 Nf6 3. e3 g6 4. Bd3 Bg7 5. Nbd2 O-O 6. c4 c6 7. b3 b6 8. Bb2
Bb7 9. Rc1 Nbd7 10. O-O Rc8 11. c5 Re8 12. b4 b5 13. Ne5 Nxe5 14. dxe5 Nd7 15.
f4 e6 16. Nb3 f6 17. exf6 Bxf6 18. Rc2 Bxb2 19. Rxb2 e5 20. Qg4 e4 21. Bb1 Rc7
22. Nd4 Qf6 23. Rbf2 Bc8 24. f5 Ne5 25. Qg3 Rce7 26. fxg6 Qxg6 27. Qxg6+ hxg6
28. Rf6 Bd7 29. h3 Kg7 30. R1f4 Ra8 31. Nb3 Nc4 32. Kf2 Na3 33. Nd2 a5 34. bxa5
Rxa5 35. Rd6 Nxb1 36. Nxb1 Rxa2+ 37. Kg3 Re2 38. Rff6 Be8 39. Rfe6 Rxe6 40.
Rxe6 Kf7 41. Re5 b4 42. h4 Rb2 0-1

[Event "51smm B Bruneck-Klausen2"]
[Site "?"]
[Date "2019.11.30"]
[Round "3.4"]
[White "Niederkofler, Andreas"]
[Black "Hartmann, Alois Eugen"]
[Result "1-0"]
[WhiteElo "1805"]
[BlackElo "1462"]
[PlyCount "43"]
[EventDate "2019.11.30"]

1. e4 e6 2. d4 d5 3. Nc3 Bb4 4. e5 Ne7 5. a3 Bxc3+ 6. bxc3 c5 7. Qg4 O-O 8. Nf3
Qa5 9. Bd2 c4 10. h4 Nd7 11. h5 h6 12. Be2 f5 13. Qh4 Rf7 14. Kf1 Kf8 15. g4
fxg4 16. Qxg4 Qb6 17. Rh2 Ke8 18. Nh4 Qb2 19. Rc1 Qxa3 20. Qxe6 Nf6 21. Qd6 Ne4
22. Qxa3 1-0

[Event "51smm B Bruneck-Klausen2"]
[Site "?"]
[Date "2019.11.30"]
[Round "3.5"]
[White "Gafriller, Alexander"]
[Black "Oberhammer, Guenther"]
[Result "1-0"]
[WhiteElo "1287"]
[BlackElo "1521"]
[PlyCount "59"]
[EventDate "2019.11.30"]

1. e4 c5 2. Nf3 Nc6 3. Nc3 e6 4. d4 d5 5. exd5 exd5 6. Be2 Be6 7. O-O Nf6 8.
Bf4 Be7 9. dxc5 Bxc5 10. Ne5 O-O 11. Nxc6 bxc6 12. a3 Bd6 13. Qd2 Qc7 14. Bxd6
Qxd6 15. Bf3 Rab8 16. b4 Rfe8 17. Ne2 Bf5 18. Nd4 Bg6 19. c3 Re7 20. Rfe1 Rbe8
21. Rxe7 Rxe7 22. Re1 Be4 23. h3 h6 24. Bxe4 Nxe4 25. Qe3 Qf6 26. f3 Qh4 27.
Nf5 d4 28. Nxe7+ Qxe7 29. Qxe4 Qg5 30. Qxd4 1-0

[Event "51smm B Gries-Steinegg"]
[Site "?"]
[Date "2019.11.30"]
[Round "3.2"]
[White "Zammarchi, Massimo"]
[Black "Pichler, Martin"]
[Result "1-0"]
[WhiteElo "1932"]
[BlackElo "1835"]
[PlyCount "65"]
[EventDate "2019.11.30"]

1. e4 g6 2. d4 Bg7 3. Nc3 d6 4. Be3 a6 5. Nf3 Nd7 6. Bc4 h6 7. O-O e6 8. a4
Ngf6 9. Bb3 O-O 10. h3 c6 11. Re1 Re8 12. Bf4 Nf8 13. Qd2 g5 14. Bh2 Ng6 15. e5
Nh5 16. a5 Nhf4 17. Bxf4 gxf4 18. Qd3 c5 19. dxc5 dxe5 20. Qe4 Qc7 21. Na4 f5
22. Qxf5 Kh7 23. Qe4 Qf7 24. Nb6 Rb8 25. Nh4 Bf6 26. Nxg6 Qxg6 27. Rad1 Qxe4
28. Rxe4 Kg6 29. Ba4 Rd8 30. Rxd8 Bxd8 31. f3 Bxb6 32. cxb6 Kf6 33. Kf2 1-0

[Event "51smm B Lana-Ridnaun"]
[Site "?"]
[Date "2019.11.30"]
[Round "3.5"]
[White "Gasteiger, Josef"]
[Black "Unterthurner, Walter"]
[Result "0-1"]
[WhiteElo "1347"]
[BlackElo "1372"]
[PlyCount "90"]
[EventDate "2019.11.30"]

1. Nf3 d5 2. e4 dxe4 3. Ng5 Nf6 4. Bc4 e6 5. Nc3 c6 6. O-O Be7 7. Ngxe4 O-O 8.
d3 h6 9. Nxf6+ Bxf6 10. Ne4 e5 11. Qh5 Nd7 12. f4 Qe7 13. f5 Nc5 14. Be3 Nxe4
15. dxe4 Qb4 16. Bd3 Qe7 17. b4 b6 18. c3 Kh7 19. Rf3 Rh8 20. Rh3 Kg8 21. Bc4
Kf8 22. Qe2 Ke8 23. Rd1 Qf8 24. b5 Bd7 25. Bc1 Rd8 26. a4 g6 27. bxc6 Bxc6 28.
Rxd8+ Bxd8 29. Bb5 Qc5+ 30. Be3 Bxb5 31. Bxc5 Bxe2 32. Bd6 Be7 33. Bxe5 f6 34.
Bb8 Bc5+ 35. Kh1 Rh7 36. fxg6 Rd7 37. g4 Rd1+ 38. Kg2 Bf1+ 39. Kg3 Bxh3 40.
Kxh3 a6 41. Kh4 Rh1 42. Kh5 Be3 43. g7 Kf7 44. e5 fxe5 45. Bxe5 Rd1 0-1

[Event "51smm B Merania-Kaltern/Tramin2"]
[Site "?"]
[Date "2019.11.30"]
[Round "3.1"]
[White "Dibiasi, Rainer"]
[Black "Bonagura, Stefano"]
[Result "0-1"]
[WhiteElo "1822"]
[BlackElo "2231"]
[PlyCount "78"]
[EventDate "2019.11.30"]

1. Nf3 Nf6 2. g3 d5 3. c4 e6 4. Bg2 dxc4 5. Qa4+ Bd7 6. Qxc4 c5 7. Nc3 Bc6 8.
O-O Nbd7 9. Qd3 Be7 10. b3 O-O 11. Bb2 a6 12. Qc2 Rc8 13. Nd1 b5 14. Qc3 Ba8
15. Ne3 Bd6 16. Ng4 b4 17. Nxf6+ Nxf6 18. Qc2 Re8 19. Qc4 Bd5 20. Qh4 Be7 21.
Qg5 h6 22. Qf4 c4 23. bxc4 Rxc4 24. d4 Rc2 25. Rfb1 Rxe2 26. Bf1 Rc2 27. Bd3
Rc6 28. Ne5 Rb6 29. g4 g5 30. Qe3 Bb7 31. Qh3 Qd5 32. Kf1 Kg7 33. Re1 a5 34.
Nxf7 Kxf7 35. Qxh6 Rg8 36. Re5 Qg2+ 37. Ke1 Qg1+ 38. Bf1 Ba6 39. Kd2 Bxf1 0-1

[Event "51smm B Merania-Kaltern/Tramin2"]
[Site "?"]
[Date "2019.11.30"]
[Round "3.2"]
[White "Teutsch, Alexander"]
[Black "Thaler, Elmar"]
[Result "1/2-1/2"]
[WhiteElo "2061"]
[BlackElo "1679"]
[PlyCount "78"]
[EventDate "2019.11.30"]

1. d4 Nf6 2. c4 e6 3. Bg5 h6 4. Bh4 Bb4+ 5. Nd2 c5 6. a3 Bxd2+ 7. Qxd2 g5 8.
Bg3 Ne4 9. Qd3 Nxg3 10. hxg3 Qa5+ 11. Qc3 Nc6 12. Qxa5 Nxa5 13. dxc5 Nb3 14.
Rd1 a5 15. Nf3 f6 16. Nd2 Nxc5 17. b4 Na6 18. Ra1 Nc7 19. b5 b6 20. Ne4 Ke7 21.
Nc3 d5 22. cxd5 Nxd5 23. Nxd5+ exd5 24. Rc1 Bd7 25. e3 Rac8 26. Rxc8 Rxc8 27.
Kd2 Rc5 28. a4 Bf5 29. Bd3 Bxd3 30. Kxd3 Rc4 31. Rxh6 Rxa4 32. Rh7+ Kd6 33. Rf7
Kc5 34. Rxf6 Ra3+ 35. Kc2 Kxb5 36. Kb2 Rd3 37. Kc2 Ra3 38. Kb2 Rd3 39. Kc2 Ra3
1/2-1/2

[Event "51smm B Merania-Kaltern/Tramin2"]
[Site "?"]
[Date "2019.11.30"]
[Round "3.3"]
[White "Unterkofler, Alex"]
[Black "Battiston, Claudio"]
[Result "0-1"]
[WhiteElo "1695"]
[BlackElo "1812"]
[PlyCount "57"]
[EventDate "2019.11.30"]

1. e4 g6 2. d4 Bg7 3. f4 d6 4. Nf3 e6 5. Be3 Ne7 6. Bd3 a6 7. Nc3 O-O 8. g4 f5
9. gxf5 exf5 10. Bc4+ Kh8 11. Ng5 Qe8 12. h4 h5 13. e5 b5 14. Qf3 Nbc6 15. Bb3
Bb7 16. d5 Na5 17. Ne6 Nxb3 18. Nxg7 Kxg7 19. axb3 b4 20. O-O-O bxc3 21. e6
cxb2+ 22. Kxb2 c5 23. Rhg1 Nxd5 24. c4 Nxe3 25. Qxb7+ Kf6 26. Rxd6 Nxc4+ 27.
bxc4 Rb8 28. Rxg6+ Kxg6 29. Qxb8 0-1

[Event "51smm B Merania-Kaltern/Tramin2"]
[Site "?"]
[Date "2019.11.30"]
[Round "3.4"]
[White "Zuev, Mikhail"]
[Black "Martinelli, Michele"]
[Result "0-1"]
[WhiteElo "1692"]
[BlackElo "1628"]
[PlyCount "92"]
[EventDate "2019.11.30"]

1. e4 d6 2. d4 g6 3. Bc4 Bg7 4. Ne2 Nf6 5. Ng3 h5 6. Bg5 h4 7. Bxf6 Bxf6 8. Ne2
h3 9. g3 Bg4 10. Qd3 Bxe2 11. Kxe2 Qc8 12. Nd2 Nd7 13. c3 Nb6 14. Bb3 Qg4+ 15.
f3 Qh5 16. Nc4 O-O 17. Nxb6 axb6 18. Rhg1 e5 19. Raf1 exd4 20. cxd4 Rae8 21. g4
Qh8 22. e5 dxe5 23. Qxg6+ Qg7 24. Qxg7+ Kxg7 25. g5 exd4+ 26. Kd2 Be7 27. Rg4
Bb4+ 28. Kd1 c5 29. Bd5 Re5 30. Bxb7 Rfe8 31. Be4 c4 32. Rg3 Bd6 33. Rxh3 Rxg5
34. f4 Rg4 35. Rh7+ Kg8 36. Bf5 Rg2 37. Rh6 Bc5 38. b3 d3 39. Rh3 Ree2 40. Rg3+
Rxg3 41. hxg3 Rxa2 42. Rf3 Ra1+ 43. Kd2 Bb4+ 44. Ke3 Bc5+ 45. Kd2 Bb4+ 46. Ke3
d2 0-1

[Event "51smm B Merania-Kaltern/Tramin2"]
[Site "?"]
[Date "2019.11.30"]
[Round "3.5"]
[White "Florian, Andreas"]
[Black "Maestri, Alessandro"]
[Result "0-1"]
[WhiteElo "1535"]
[BlackElo "1530"]
[PlyCount "78"]
[EventDate "2019.11.30"]

1. d4 Nf6 2. Nf3 d5 3. Bf4 Bf5 4. e3 e6 5. c4 dxc4 6. Nc3 c6 7. Bxc4 Nbd7 8.
Be2 Be7 9. h3 h6 10. O-O O-O 11. Rc1 Nd5 12. Nxd5 exd5 13. Bd3 Bxd3 14. Qxd3
Bf6 15. Rfe1 Re8 16. a3 Rc8 17. Bh2 Nf8 18. Qb3 Qd7 19. Qa4 a6 20. b4 Ng6 21.
Qc2 Re6 22. Qf5 Qe7 23. Rc2 Re8 24. Nd2 Bxd4 25. Nb3 Be5 26. Bxe5 Rxe5 27. Qd3
Nf4 28. Qd2 Qg5 29. f3 Qg3 30. Rcc1 Nxh3+ 31. Kf1 Nf4 32. Qf2 Qxf2+ 33. Kxf2
Ne6 34. f4 Rh5 35. Kf3 g5 36. Re2 f5 37. g4 fxg4+ 38. Kxg4 Rh4+ 39. Kf5 Ng7+
0-1

[Event "51smm B Taufers-Groeden2"]
[Site "?"]
[Date "2019.11.30"]
[Round "3.5"]
[White "Klassen, Tobias"]
[Black "Weger, Florian"]
[Result "1-0"]
[WhiteElo "1279"]
[BlackElo "1231"]
[PlyCount "77"]
[EventDate "2019.11.30"]

1. d4 f5 2. e4 d5 3. exd5 Qxd5 4. Nc3 Qd6 5. Nf3 Bd7 6. Bc4 Nc6 7. Nb5 Qb4+ 8.
Nd2 O-O-O 9. c3 Qa5 10. O-O a6 11. b4 Qb6 12. Na3 Nb8 13. Qf3 Qg6 14. b5 axb5
15. Nxb5 Nc6 16. a4 Na5 17. Qf4 Bxb5 18. axb5 Nxc4 19. Nxc4 Qe6 20. Ra8+ Kd7
21. Ne5+ Ke8 22. Rxd8+ Kxd8 23. Re1 Kc8 24. Ba3 g6 25. Nd3 Qd5 26. Re5 Qb3 27.
Qc1 Bh6 28. f4 Bg7 29. Re1 Bxd4+ 30. cxd4 Qxd3 31. Qc5 Qd2 32. Bb4 Qxf4 33. d5
Nf6 34. b6 Ne4 35. Qd4 e5 36. dxe6 Rd8 37. e7 Re8 38. Rd1 Nd6 39. Qxf4 1-0

[Event "51smm A Deutschnofen-Brixen/Milland"]
[Site "?"]
[Date "2019.12.14"]
[Round "4.1"]
[White "Sader, Michael"]
[Black "Dappiano, Andrea"]
[Result "1-0"]
[WhiteElo "2128"]
[BlackElo "2272"]
[PlyCount "95"]
[EventDate "2019.12.14"]

1. Nf3 d5 2. c4 e6 3. e3 Nf6 4. b3 c6 5. Bb2 Nbd7 6. Be2 Bd6 7. Qc2 O-O 8. d3
e5 9. Nbd2 Re8 10. e4 dxe4 11. dxe4 Bc5 12. O-O Qc7 13. a3 a5 14. Bc3 b6 15. b4
Bf8 16. Qb2 axb4 17. axb4 Bb7 18. Rxa8 Bxa8 19. Ra1 Bb7 20. Qc2 g6 21. Bd3 Nh5
22. g3 Ng7 23. Nf1 Ne6 24. Ne3 Bg7 25. Qb2 Rd8 26. Bc2 h5 27. h4 c5 28. bxc5
Ndxc5 29. Nd5 Bxd5 30. cxd5 Nd4 31. Nxd4 exd4 32. Bxd4 Bxd4 33. Qxd4 Nd7 34.
Bd3 Qd6 35. Kg2 Rc8 36. Ra2 Kh7 37. f4 Qc5 38. Qxc5 Nxc5 39. Bc2 b5 40. Rb2 Rb8
41. e5 b4 42. Bb3 Kg7 43. d6 Nd3 44. Rb1 Rc8 45. Rd1 Nc5 46. Rc1 Kf8 47. d7 Rd8
48. Rxc5 1-0

[Event "51smm A Deutschnofen-Brixen/Milland"]
[Site "?"]
[Date "2019.12.14"]
[Round "4.2"]
[White "Zamengo, Fulvio"]
[Black "Brenninger, Daniel"]
[Result "0-1"]
[WhiteElo "2303"]
[BlackElo "2061"]
[PlyCount "69"]
[EventDate "2019.12.14"]

1. Nc3 d5 2. d4 Nf6 3. Bf4 c6 4. Qd2 e6 5. f3 Bb4 6. g4 Qa5 7. e3 Nbd7 8. Nge2
Nb6 9. a3 Nc4 10. Qc1 Bd6 11. g5 Ng8 12. Bxd6 Nxd6 13. Ng3 h6 14. gxh6 Rxh6 15.
Qd2 b5 16. e4 Ne7 17. Rg1 Bb7 18. b4 Qc7 19. e5 Nc4 20. Bxc4 bxc4 21. Nge2 Rh7
22. Qf4 Ng6 23. Qg3 O-O-O 24. Kd2 Rdh8 25. Rh1 Rh3 26. Qf2 Qe7 27. Rag1 R8h5
28. Rg4 a5 29. bxa5 Qxa3 30. Rxg6 fxg6 31. Nf4 Qf8 32. Nxh3 Rxh3 33. f4 Qb4 34.
Qg3 Rxg3 35. hxg3 0-1